000 00326nam a22001337a 4500
008 170717b xxu||||| |||| 00| 0 eng d
020 _a020102988X
041 _aeng
080 _a2
100 _a24
101 _aTEO
245 _aINTRODUCTION TO AUTOMATA THEORY, LANGUAGES AND COMPUTATION
_cHOPCROFT, J.E
942 _2udc
_cBK
999 _c21392
_d21392